Шифртелеграмма полпреда СССР во Франции Я. З. Сурица наркому иностранных дел СССР М. М. Литвинову о решении правительства Франци...

RUSMARC
00004027cam0a2200277#x 450
0015bb0666f-0d56-44d0-bb20-779fe011228e
00520200420151325.0
100##$a20200402j19380925k###0rusy50 ca
1010#$arus
102##$aFR
1220#$ad19380925##
2001#$aШифртелеграмма полпреда СССР во Франции Я. З. Сурица наркому иностранных дел СССР М. М. Литвинову о решении правительства Франции отвергнуть годесбергский меморандум Гитлера
$j25 сентября 1938 г.
251##$cДокумент
300##$aЗаверенная копия
461#0$12001
$aФ. 059
$1251
$cФонд
$1852
$j059
462#0$12001
$aОп. 1. П. 280
$1251
$cОпись
$1852
$j1. П. 280
462#0$12001
$aД. 1945
$vЛ. 58
$1251
$cДело
$1852
$j1945
605##$aВторая мировая война в архивных документах (Комплекс оцифрованных архивных документов, кино- и фотоматериалов)
$lколлекция
$2prlib_sh
$3LIBNET\UAF\0000088514
617##$2prlib_sh
$aСССР
$f1938
617##$2prlib_sh
$aФранция
$f1938
617##$2prlib_sh
$aГермания
$f1938
801#0$aRU
$bПБ им. Б.Н. Ельцина
$c20200402
801#1$aRU
$bПБ им. Б.Н. Ельцина
$c20200402
$2rusmarc
801#2$aRU
$bПБ им. Б.Н. Ельцина
$c20200420
$2rusmarc
850##$aАрхив внешней политики Российской Федерации
852##$aАВП РФ
$jЛ. 58
035##$aLIBNET\0001068221
937##$d144048808
$hАрхив внешней политики Российской Федерации
8564#$uhttp://readingroom.main.prlib.ru/item.aspx?id_node=n144048808&mode=full
Формат отображения